|
|
|
|
| LEADER |
01053naa a2200253 i 4500 |
| 001 |
acta76281 |
| 005 |
20221108134827.0 |
| 008 |
220713s2022 hu o 1|| eng d |
| 020 |
|
|
|a 2978-963-306-860-1
|
| 040 |
|
|
|a SZTE Egyetemi Kiadványok Repozitórium
|b hun
|
| 041 |
|
|
|a eng
|
| 100 |
1 |
|
|a Lantos Ferenc
|
| 245 |
1 |
0 |
|a Study on the antioxidant capacity of sweet and hot spice peppers
|h [elektronikus dokumentum] /
|c Lantos Ferenc
|
| 260 |
|
|
|a University of Szeged Faculty of Agriculture
|b Hódmezővásárhely
|c 2022
|
| 300 |
|
|
|a 43
|
| 490 |
0 |
|
|a Wellmann International Scientific Conference
|
| 650 |
|
4 |
|a Természettudományok
|
| 650 |
|
4 |
|a Biológiai tudományok
|
| 650 |
|
4 |
|a Mezőgazdaság-tudományok
|
| 650 |
|
4 |
|a Mezőgazdaság, erdészet, halászat
|
| 695 |
|
|
|a Fűszerpaprika termesztése - előadáskivonat
|
| 700 |
0 |
1 |
|a Gyalai Ingrid Melinda
|e aut
|
| 710 |
|
|
|a Wellmann International Scientific Conference (19.) (2022) (Hódmezővásárhely)
|
| 856 |
4 |
0 |
|u http://acta.bibl.u-szeged.hu/76281/1/wellmann_abstracts_2022_043.pdf
|z Dokumentum-elérés
|